Bordeaux - Choix multiples - Statistiques

Statistiques générales
  • Ce quiz a été pris 6 058 fois
  • Le résultat moyen est 6 sur 10
Statistiques - réponses
Question Réponse % Correct
Lequel de ces ingrédients est utilisé dans la recette traditionnelle du cannelé ? Le rhum
94%
Quelle rue piétonne commerçante est présentée comme la plus longue d'Europe ? Rue Sainte-Catherine
86%
Quel écrivain ne fait pas partie des "3 M de Bordeaux" ? Molière
79%
Quel sigle désigne un club de rugby bordelais ? UBB
76%
Quelle appellation ne fait pas partie des vignobles bordelais ? Chablis
59%
Dans quel film Bourvil découvre-t-il à son arrivée à Bordeaux le plus gros diamant du monde dans le klaxon d'une Cadillac que lui a offert de Funès ? Le Corniaud
52%
Sur ordre de qui le Pont de pierre a-t-il été construit ? Napoléon Bonaparte
48%
Quel surnom porte l'ancien beffroi de l'hôtel de ville de Bordeaux ? La Grosse Cloche
40%
De quelle région historique Bordeaux était-elle la capitale ? La Guyenne
40%
Lors de quel(s) conflit(s) le gouvernement français s'est installé à Bordeaux ? Lors de ces trois guerres
16%
Aucun quiz correspondant
Distribution des résultats
% des personnes avec chaque résultat
Percentile par nombre de réponses
Votre historique - résultats
Vous n’avez pas pris ce quiz